Responsabilidad social estudiantil: conceptos y experiencias prácticas

שמור ב:
מידע ביבליוגרפי
מחבר תאגידי: Pontificia Universidad Católica de Valparaíso (Author)
פורמט: ספר
שפה:ספרדית
יצא לאור: Valparaíso Pontificia Universidad Católica de Valparaíso 2006
סדרה:Cuaderno RSU, 4
נושאים:
תגים: הוספת תג
אין תגיות, היה/י הראשונ/ה לתייג את הרשומה!

MARC

LEADER 00000nam a2200000 a 4500
001 UCH1766
003 CL-VaPUC
005 20220319074525.0
008 090514e20060000cl 1 spa d
082 0 4 |a 658.408  |b PON  |2 21 
110 2 |a Pontificia Universidad Católica de Valparaíso  |e author  |9 621381 
245 1 0 |a Responsabilidad social estudiantil: conceptos y experiencias prácticas 
260 |a Valparaíso  |b Pontificia Universidad Católica de Valparaíso  |c 2006 
300 |a 57 p 
490 0 |a Cuaderno RSU, 4 
583 |a last modification  |c 20190828 11:44:34  |k Rodrigo Vera 
650 0 7 |a RESPONSABILIDAD SOCIAL UNIVERSITARIA  |2 CL-VaPUC  |9 549745 
650 0 0 |a Ética  |9 255099 
650 0 0 |a Responsabilidad social  |9 339076 
942 |c BK 
945 |a rbrito  |d 20090514 00:00:00 
546 |a En Español 
536 |a Pontificia Universidad Católica de Valparaíso 
518 |p Encuentro de responsabilidad social, 1, Valparaíso, 2005 
999 |c 384431  |d 384429 
952 |0 0  |1 0  |4 0  |6 658_408000000000000_PON_2006  |7 0  |8 X  |9 507138  |a FDOBUD  |b FDOBUD  |d 2020-01-23  |i 4547403  |o 658.408 PON 2006  |p 4547403  |r 2020-01-23  |w 2020-01-23  |y BK_X  |k FHP